000 00528nam a2200145 a 4500
008 120416s1959 ||||||||||||||||| || u
050 _aN 8350 Cla
100 _aClark, Kenneth
245 1 0 _aLeonardo Da Vinci
246 _aan account of his development as an artist
260 _aHarmondsworth
_bPenguin
_c1959
300 _a185p. : ill.
350 _a0.00
995 _D0.00
_FCBU-MAIN LIBRARY (Kitwe)
_H1
_I1.95
_M1
_UAVAILABLE
_WApr 24, 2007
_ZAnnex Low-Usage Collection
999 _c49109
_d49109